MDQL
is popping MORE tags! Check the
thread
!
Quizzes
Events
Quiz Creation
Community
Videos
Private Events
Remove Ads
Sign In
Join for FREE
Feedback
Dark Mode
Quiz Categories
Sports
Geography
Music
Movies
Television
Just For Fun
Miscellaneous
History
Literature
Language
Science
Gaming
Entertainment
Religion
Holiday
For Kids
Quiz Lab
Recent
Popular Today
Quiz Kudos Today
Editor Picks
Curator Picks
Quizzes by...
Day
Popularity
Type
Ratings
Length
Year
Community
Subscriptions
Recent Discussions
Orange Saloon
Badges
Playlists
Quests
Create
Leaderboards
Showdown
Live 5
Trivia Bingo
Activity
Puzzle Library
Sporcle Events
Private Events
Virtual Trivia
Globe League
Become a Host
Pub Owners
SporcleCon
Opinionation
Our Games
Videos
Blog
Mobile Apps
Partnerships
Remove Ads and Go Orange
Feedback
Movies
Disney
Marvel Cinematic Universe
Movie Resume
Movie Titles
Oscar
Actor
Actress
Director
Pixar
Role
Movie Quotes
Movie Characters
Box Office
Nominee
Best Picture
Star Wars
James Bond
Horror Movies
Movies
Disney
Marvel Cinematic Universe
Movie Resume
Movie Titles
Oscar
Actor
Actress
Director
Pixar
Role
Movie Quotes
Movie Characters
Box Office
Nominee
Best Picture
Star Wars
James Bond
Horror Movies
Random Quiz
Search Sporcle
×
Quiz Lab
Quiz Lab
Movies
Movie Quotes
Select answers by clicking on text or image buttons
Select answers by clicking on text or image buttons
Clickable
Best Score? Go Orange.
The End: Famous Last Movie Lines Stats
Can you pick the the movie from its last line?
By
dplpbbp
5m
22 Questions
699 Plays
699 Plays
699 Plays
Comments
Comments
Give Quiz Kudos
Give Quiz Kudos
-
- Ratings
hide this ad
Forced Order
Answers have to be entered in order
Answers have to be entered in order
Random Order
Randomize order of answers
Randomize order of answers
Replay
Link that replays current quiz
Next Quiz
Link to next quiz in quiz playlist
You Got
0%
They Got
Avg Score
62%
Avg Friend Score
Upgrade to see
Score Distribution
Jump to the score distribution portion of the page
Score
0/22
Timer
05:00
0
Plays Today
% Correct
Home Alone
91.1%
Pirates of the Caribbean: The Curse of the Black Pearl
89.8%
Chicago
86.6%
Good Night, and Good Luck
86%
Superman Returns
83.7%
The Ring
77.1%
Batman Returns
76%
Pi
66.2%
Shrek 2
64.2%
Gladiator
63.2%
Starship Troopers
62.8%
% Correct
Se7en
61.9%
The Truman Show
60.9%
Back To The Future, Part III
59.1%
The Day After Tomorrow
55.5%
Beauty and the Beast
54.4%
Boogie Nights
48.1%
Hook
47.1%
Pretty Woman
46.5%
South Park: Bigger Longer & Uncut
38.8%
The Nightmare Before Christmas
35.5%
Harry Potter and the Half-Blood Prince
30%
Quiz Playlist
Details
Report
Send in Message
Add To Playlist
Clickable:
Select answers by clicking on text or image buttons
Forced Order:
Answers have to be entered in order
Random Order:
Randomize order of answers
Quiz Source
Last Updated: Feb 16, 2017
Quiz Scoreboard
CHALLENGE
Sign Up to Join the Scoreboard
Show All
Scores
Hide
Comments
May contain spoilers
Recently Published
Holiday 10x10 Sorting Gallery
by lukepisani3
Holiday
15m
Two Season TV Shows II
by 123Four
Television
10m
Image Sorting: Flags VI
by Barbecue
Geography
2m
More to Explore
Quiz From the Vault
Featured Blog Post
14 Easter Pick-up Lines to Find Eggs With
hide this ad
You Might Also Like...
Tags
Movie Quotes Quiz
Nintendo Quiz
Movie Endings
Movie Scenes
Today's Top Quizzes in Movies
Browse Movies
hide this ad
Today's Top Quizzes in Movie Quotes
Browse Movie Quotes
Top Contributed Quizzes in Movies
1
The ultimate James Bond movie quiz
2
Find The 'Big' Movie
3
Find The 'Wild' Movie
4
Find The 'Blue' Movie
5
Movies By Plot
6
Hidden Star Wars Character II
7
25 Best Actor Nominees (1990s)
8
Hidden Star Wars Character III
9
😉 2024 Oscar Nominees by Emoji
10
Hidden Star Wars Character IV
Explore More
Trending Topics
NBA
Harry Potter
Disney
Crossword
Kpop
Anime
Marvel
Puzzle
Song
Country
The Office
Pokémon
WWE
Soccer
NFL
hide this ad
More By:
dplpbbp
Quiz
Plays
Rating
Category
Featured
Created
Baseball Hall of Fame Positions
842
3.57
Sports
Jan 15, 2014
The End: Famous Last Movie Lines
699
3.89
Movies
Jan 24, 2013
Pop Quiz - Movie Title Math
407
4.44
Movies
Feb 4, 2014
Not A Star Trek Episode
240
3.33
Television
Jan 22, 2013
TV Spinoffs
210
4.33
Television
Mar 6, 2014
Go to Creator's Profile
Score Distribution
Quiz Creator Spotlight
dplpbbp
Follow
Send a Message
Quizzes Created
-
Created Quiz Play Count
-
More By This Creator
Popular Quizzes Today
1
Find the US States - No Outlines Minefield
2
Colored Red Africa Blitz
3
Find the 'City' Movie
4
The Countries of the World
5
Find the US States
6
5x2 Blitz: Bands
7
Find the Countries of Europe - No Outlines Minefield
8
US States
More Movies Quizzes
Han Solo Quotes
Published
Trending Quizzes
Colored Red Europe Blitz I
Colored Red Europe Blitz II
Colored Red Africa Blitz II
Colored Red Europe Blitz III
Colored Red Africa Blitz III
Recently Updated
Odd Team Out - Big 4 Players
pecheneg
Quick Pick: 20 Twenties
pecheneg
March Madness Men's Triple Doubles
pecheneg
How Do You Spell That?
pecheneg
Godzilla Movies
pecheneg
Grab Bag: 4-10 Letters
pecheneg
2024 March Madness Bracket
pecheneg
Famous TV Couples
Peacemaker
Champions League XIs: Real Madrid
pecheneg
Largest US Cities 1790-2010
pecheneg
Trending Topics
Crossword
NBA
Anime
Harry Potter
Marvel
Disney
Kpop
WWE
Pokémon
NFL
Soccer
Country
Song
The Office
Puzzle
Your Account Isn't Verified!
In order to create a playlist on Sporcle, you need to verify the email address you used during registration. Go to your
Sporcle Settings
to finish the process.
Report this User
Report this user for behavior that violates our
Community Guidelines
.
Details:
Send Report
Go to the Sporcle.com Mobile Site →
Comments